El futuro de la educación municipal: la visión del Mineduc

Guardat en:
Dades bibliogràfiques
Format: Llibre
Idioma:espanyol
Publicat: Santiago Mineduc 1993
Matèries:
Etiquetes: Afegir etiqueta
Sense etiquetes, Sigues el primer a etiquetar aquest registre!

MARC

LEADER 00000cam a2200000 a 4500
001 UCT9850
003 CL-VaPUC
008 970412e19930000CL |||||||||||||||||spa|d
082 0 4 |a 344.075  |b MIN  |2 21 
245 1 3 |a El futuro de la educación municipal: la visión del Mineduc 
300 |a 6 p 
942 |c BK 
945 |d 19970412 00:00:00  |a amoreno 
260 |a Santiago  |b Mineduc  |c 1993 
650 0 |a Educación  |9 258661 
650 7 |a EDUCACION MUNICIPALIZADA  |2 CL-VaPUC  |9 382922 
650 0 |a Educación pública  |9 309676 
583 |a last modification  |c 20190412 12:08:15  |k Rodrigo Vera 
999 |c 258211  |d 258209 
952 |0 0  |1 0  |4 0  |6 344_075000000000000_MIN_1993  |7 0  |8 A  |9 282124  |a BIBEDU  |b BIBEDU  |d 2019-11-19  |i 3294188  |o 344.075 MIN 1993  |p 3294188  |r 2019-11-19  |w 2019-11-19  |y BK  |k EDU